=LDR 00000nam 2200000 4500 =001 INLIS000000000012910 =005 20200910074233 =035 ##$$a 0010-061300000012910 =008 200910################g##########0#ind## =041 ##$$a Ind =082 ##$$a 2x5.1 =090 ##$$a 2x5.1, Sya t =100 1#$$a Sya'ani, Syaikh Abdul Wahab Asy- =245 1#$$a Terapi ruhani : $b Peringatan bagi mereka yang terpedaya /$c Syaikh Abdul Wahab Asy-Sya'ani : Penerjemah, E. Kusdian =260 ##$$a Bandung :$b Pustaka Hidayah,$c 2004 =300 ##$$a 229 hlm. ; $c 16x23 cm. =650 #4$$a Ahlak =700 1#$$a Kusdian, E =850 ##$$a NBPNMAT =084 ##$$a 2x5.1 SYA t =990 ##$$a 10400861 =990 ##$$a 10400864